ロード中...

Shakespeare's early history plays from chronicle to stage /

Like many of his fellow playwrights, Shakespeare turned to national history for inspiration. This study provides a comparison of the 'Henry VI' plays and 'Richard III' with their sources, demonstrating how the ideological and technical problems of turning history into drama were...

詳細記述

書誌詳細
第一著者: Goy-Blanquet, Dominique
フォーマット: eBook
言語:English
出版事項: Oxford : Oxford University Press, 2009.
主題:
オンライン・アクセス:Click here to view full text
LEADER 01996nam a2200397 a 4500
001 EDZ0000076783
003 StDuBDS
005 20200624130737.0
006 m||||||||d||||||||
007 cr||||||||||||
008 120413r20092003enk fo| 001 0 eng d
020 |a 9780191705601 (ebook) :  |c No price 
040 |a StDuBDS  |c StDuBDS 
050 0 |a PR2982  |b .G69 2009 
082 0 4 |a 822.33  |2 23 
100 1 |a Goy-Blanquet, Dominique. 
245 1 0 |a Shakespeare's early history plays  |h [electronic resource] :  |b from chronicle to stage /  |c Dominique Goy-Blanquet. 
260 |a Oxford :  |b Oxford University Press,  |c 2009. 
300 |a 1 online resource (viii, 312 p.) 
500 |a On-campus only: no User ID or password required 
500 |a Originally published: 2003. 
504 |a Includes bibliographical references and index. 
520 8 |a Like many of his fellow playwrights, Shakespeare turned to national history for inspiration. This study provides a comparison of the 'Henry VI' plays and 'Richard III' with their sources, demonstrating how the ideological and technical problems of turning history into drama were solved. 
588 |a Description based on print version record. 
600 1 0 |a Shakespeare, William,  |d 1564-1616  |x Criticism and interpretation. 
600 1 0 |a Shakespeare, William,  |d 1564-1616  |x Histories. 
600 1 0 |a Shakespeare, William,  |d 1564-1616  |x Dramatic production. 
650 0 |a Historical drama, English  |x History and criticism. 
650 0 |a Literature and history  |z Great Britain. 
650 0 |a Kings and rulers in literature. 
650 0 |a Middle Ages in literature. 
651 0 |a Great Britain  |x History  |y 1066-1687  |x Historiography. 
776 0 8 |i Print version  |z 9780198119876 
856 4 0 |u http://dx.doi.org/10.1093/acprof:oso/9780198119876.001.0001  |z Available Online  |y Click here to view full text 
999 |c 99304  |d 99304 
952 |0 0  |1 0  |4 0  |6 EBOOK  |7 0  |9 98730  |a UL  |b UL  |c ST1  |d 2013-06-03  |l 0  |o eBook  |r 2013-06-03  |w 2013-06-03  |y EB  |z eBook from Oxford Scholarship Online